000 00400nam a22001697a 4500
003 MPLRDC
005 20220104114156.0
008 210129b ||||| |||| 00| 0 eng d
082 _a802 JYD
100 _a贾彦德
245 _a语义学导论
_c
250 _a一版一刷
260 _a
_b北京大学出版社
_c1986
300 _b
650 _a中国语言--华语
942 _cBK
_o802 JYD
999 _c5421
_d5411